000
00295nam a2200133 i 4500
001
bg
100
1
_a
SLEGEL', G.
245
0
_a
Obscaja mikrobiologija /
_c
G. Slegel'.
260
_a
Moskva,
_c
1987.
040
_c
BPK
041
_a
pol
942
_c
KS
008
s pl f |000 0 pol
999
_c
23942
_d
23942